[Event "Catalunya-chT GpB final"]
[Site "Barcelona"]
[Date "2018.03.10"]
[Round "1.9"]
[White "Cervello Tost, Roger"]
[Black "Sorroche Martin, Jose Maria"]
[Result "0-1"]
[WhiteElo "1941"]
[BlackElo "2150"]
[PlyCount "72"]
[EventDate "2018.03.10"]
[EventType "team-tourn"]
[EventRounds "4"]
[EventCountry "ESP"]
[SourceTitle "CBM 183 Extra"]
[Source "ChessBase"]
[SourceDate "2018.04.19"]
[SourceVersion "1"]
[SourceVersionDate "2018.04.19"]
[SourceQuality "1"]
[WhiteTeam "Peona I Peo"]
[BlackTeam "St Cugat"]
[WhiteTeamCountry "ESP"]
[BlackTeamCountry "ESP"]

1. e4 c5 2. d4 cxd4 3. c3 dxc3 4. Nxc3 Nc6 5. Nf3 e6 6. Bc4 a6 7. 0-0 Nge7 8. Bf4 Ng6 9. Bg3 Be7 10. Qe2 0-0 11. Rfd1 d6 12. a4 e5 13. h3 Be6 14. Nd5 Rc8 15. Rac1 Kh8 16. Qd2 Bxd5 17. Bxd5 Qb6 18. h4 f5 19. exf5 Rxf5 20. Be6 Rxf3 21. gxf3 Rf8 22. a5 Qd8 23. h5 Nd4 24. Bd5 Nf4 25. Bxf4 Rxf4 26. Bxb7 Bf8 27. Qxf4 Ne2+ 28. Kf1 Nxf4 29. Rc8 Qf6 30. Rdc1 Kg8 31. Bxa6 Qh4 32. Ke1 Qh1+ 33. Kd2 Qxf3 34. Kc2 Qe4+ 35. Kb3 d5 36. R1c2 Qb4+ 0-1

[Event "Barcelona La Lira op 34th"]
[Site "Barcelona"]
[Date "2016.01.29"]
[Round "3"]
[White "Sorroche Martin, Jose Maria"]
[Black "Pascual Gonzalez, Novelles Carle"]
[Result "1-0"]
[WhiteElo "2161"]
[BlackElo "1872"]
[PlyCount "53"]
[EventDate "2016.01.15"]
[EventType "swiss"]
[EventRounds "8"]
[EventCountry "ESP"]
[SourceTitle "EXT 2017"]
[Source "ChessBase"]
[SourceDate "2016.10.25"]
[SourceVersion "1"]
[SourceVersionDate "2016.10.25"]
[SourceQuality "1"]

1. c4 Nf6 2. Nc3 g6 3. g3 Bg7 4. Bg2 d6 5. d4 Nbd7 6. e3 0-0 7. Nge2 c5 8. 0-0 a6 9. b3 Rb8 10. a4 Re8 11. Qc2 cxd4 12. exd4 b6 13. Bb2 Qc7 14. Rac1 Bb7 15. d5 Ne5 16. Nd4 Rbc8 17. Qd2 Qd7 18. f4 Neg4 19. h3 Nh6 20. g4 Nhxg4 21. hxg4 Qxg4 22. Qe2 Qh4 23. Qf2 Qh5 24. Qg3 Ng4 25. Rcd1 Rc7 26. Bf3 Bc8 27. Ne4 1-0

[Event "Figueres op 13th"]
[Site "Figueres"]
[Date "2012.08.16"]
[Round "9"]
[White "Sorroche Martin, Jose Maria"]
[Black "Forcen Esteban, Daniel"]
[Result "1/2-1/2"]
[WhiteElo "2164"]
[BlackElo "2440"]
[PlyCount "35"]
[EventDate "2012.08.09"]
[EventType "swiss"]
[EventRounds "9"]
[EventCountry "ESP"]
[SourceTitle "CBM 149 Extra"]
[Source "ChessBase"]
[SourceDate "2012.08.24"]
[SourceVersion "1"]
[SourceVersionDate "2012.08.24"]
[SourceQuality "1"]

1. c4 c5 2. Nf3 Nc6 3. d4 cxd4 4. Nxd4 Nf6 5. Nc3 Qb6 6. Nb3 e6 7. a3 d5 8. Be3 Qd8 9. cxd5 exd5 10. g3 Be6 11. Bg2 Be7 12. 0-0 0-0 13. Nd4 Rc8 14. Rc1 Ng4 15. Nxe6 fxe6 16. Bf4 Nge5 17. Bh3 Kf7 18. Nxd5 1/2-1/2

[Event "Figueres op 11th"]
[Site "Figueres"]
[Date "2010.08.11"]
[Round "1"]
[White "Sorroche Martin, Jose Maria"]
[Black "Suita Rodriguez, Natalia"]
[Result "1-0"]
[WhiteElo "2147"]
[BlackElo "1600"]
[PlyCount "41"]
[EventDate "2010.08.11"]
[EventType "swiss"]
[EventRounds "9"]
[EventCountry "ESP"]
[SourceTitle "CBM 137 Extra"]
[Source "ChessBase"]
[SourceDate "2010.09.01"]
[SourceVersion "1"]
[SourceVersionDate "2010.09.01"]
[SourceQuality "1"]

1. c4 e6 2. Nc3 Nf6 3. e4 d5 4. e5 Nfd7 5. cxd5 exd5 6. d4 Bb4 7. Qb3 c5 8. Nf3 Nc6 9. Bb5 Qa5 10. Bxc6 bxc6 11. 0-0 cxd4 12. Nxd4 Bb7 13. e6 Nc5 14. exf7+ Kxf7 15. Qc2 Rhf8 16. Nce2 Kg8 17. a3 Bxa3 18. Rxa3 Qb6 19. Be3 Qb4 20. Nxc6 Bxc6 21. Bxc5 1-0

[Event "Girona Province-chA"]
[Site "Figueres"]
[Date "2009.11.08"]
[Round "6"]
[White "Vidal Palou, Jordi"]
[Black "Sorroche Martin, Jose Maria"]
[Result "0-1"]
[WhiteElo "1637"]
[BlackElo "2168"]
[PlyCount "52"]
[EventDate "2009.10.04"]
[EventType "swiss"]
[EventRounds "8"]
[EventCountry "ESP"]
[SourceTitle "EXT 2019"]
[Source "ChessBase"]
[SourceDate "2018.10.10"]
[SourceVersion "1"]
[SourceVersionDate "2018.10.10"]
[SourceQuality "1"]

1. e4 c6 2. d4 d5 3. Nc3 dxe4 4. Nxe4 Nf6 5. Nxf6+ gxf6 6. Bf4 Qb6 7. c3 Qxb2 8. Ne2 Bf5 9. Rc1 Nd7 10. Ng3 Bg6 11. Bc4 e5 12. Be3 exd4 13. Bxd4 Bh6 14. 0-0 0-0-0 15. f4 c5 16. Rf2 Qb6 17. Be3 Ne5 18. Qe2 Bd3 19. Bxd3 Nxd3 20. Qg4+ Qe6 21. Qf3 Nxc1 22. Rb2 Qd5 23. Qg4+ f5 24. Nxf5 Qd1+ 25. Kf2 Qxg4 26. Ne7+ Kc7 0-1

[Event "Girona Province-chA"]
[Site "Figueres"]
[Date "2009.10.11"]
[Round "2"]
[White "Badosa Romanyo, Albert"]
[Black "Sorroche Martin, Jose Maria"]
[Result "0-1"]
[WhiteElo "1828"]
[BlackElo "2168"]
[PlyCount "106"]
[EventDate "2009.10.04"]
[EventType "swiss"]
[EventRounds "8"]
[EventCountry "ESP"]
[SourceTitle "EXT 2019"]
[Source "ChessBase"]
[SourceDate "2018.10.10"]
[SourceVersion "1"]
[SourceVersionDate "2018.10.10"]
[SourceQuality "1"]

1. d4 c6 2. c4 d5 3. Nf3 g6 4. Nc3 Bg7 5. Bf4 dxc4 6. a4 Nf6 7. h3 Nd5 8. Be5 f6 9. Bg3 Be6 10. e4 Nxc3 11. bxc3 Qa5 12. Qc1 Nd7 13. Be2 Bh6 14. Qa3 0-0 15. 0-0 Rfe8 16. Rfb1 Qa6 17. Qb4 b6 18. Rd1 Bf7 19. Rab1 Rac8 20. Nd2 Bxd2 21. Rxd2 c5 22. Qb5 Qxb5 23. axb5 cxd4 24. Rxd4 Nc5 25. Bxc4 e5 26. Bxf7+ Kxf7 27. Rdb4 Re7 28. Ra1 Ke6 29. f3 h5 30. Bf2 Nd3 31. Rba4 Rxc3 32. Be1 Rb3 33. Bg3 g5 34. h4 Rxb5 35. Rxa7 Rb2 36. Rxe7+ Kxe7 37. Ra7+ Ke6 38. Kf1 b5 39. Ra6+ Ke7 40. Ra7+ Ke6 41. Ra6+ Kf7 42. Rd6 Nf4 43. hxg5 fxg5 44. Bxf4 exf4 45. Rd5 Kf6 46. Rd6+ Ke5 47. Rd5+ Kf6 48. Rd6+ Kf7 49. Rd5 b4 50. Rxg5 b3 51. Rxh5 Rc2 52. Rf5+ Ke6 53. Rd5 b2 0-1

[Event "Banyoles op 9th"]
[Site "Banyoles"]
[Date "2006.08.18"]
[Round "2"]
[White "Sorroche Martin, Jose Maria"]
[Black "Tiviakov, Sergei"]
[Result "0-1"]
[WhiteElo "2217"]
[BlackElo "2668"]
[PlyCount "46"]
[EventDate "2006.08.17"]
[EventType "swiss"]
[EventRounds "9"]
[EventCountry "ESP"]
[SourceTitle "CBM 113 Extra"]
[Source "ChessBase"]
[SourceDate "2006.09.14"]
[SourceVersion "1"]
[SourceVersionDate "2006.09.14"]
[SourceQuality "1"]

1. e4 c5 2. Nf3 d6 3. d4 cxd4 4. Nxd4 Nf6 5. Nc3 g6 6. g3 Nc6 7. Bg2 Nxd4 8. Qxd4 Bg7 9. 0-0 0-0 10. Rd1 Bg4 11. f3 Be6 12. Be3 Nd5 13. Qd2 Nxc3 14. bxc3 Qa5 15. Bd4 Rac8 16. Rab1 b6 17. Rb4 Bxd4+ 18. cxd4 Rxc2 19. Qxc2 Qxb4 20. d5 Rc8 21. Qb3 Qc5+ 22. Kh1 Bd7 23. h4 Qf2 0-1

[Event "Barcelona Rubi op 4th"]
[Site "Barcelona"]
[Date "2003.??.??"]
[Round "3"]
[White "Trescastro Julia, Joaquin"]
[Black "Sorroche Martin, Jose Maria"]
[Result "1/2-1/2"]
[WhiteElo "2010"]
[BlackElo "2255"]
[PlyCount "63"]
[EventDate "2003.04.26"]
[EventType "swiss"]
[EventRounds "7"]
[EventCountry "ESP"]
[SourceTitle "EXT 2004"]
[Source "ChessBase"]
[SourceDate "2003.11.25"]
[SourceVersion "1"]
[SourceVersionDate "2003.11.25"]
[SourceQuality "1"]

1. e4 c6 2. c4 g6 3. d4 Bg7 4. Nc3 d6 5. Nf3 Bg4 6. Be2 Qb6 7. d5 Nd7 8. Qc2 Rc8 9. Be3 Qa5 10. Bd4 Ngf6 11. 0-0 0-0 12. a3 a6 13. Rfe1 cxd5 14. b4 Qc7 15. Nxd5 Nxd5 16. exd5 Bxf3 17. Bxg7 Kxg7 18. Bxf3 Ne5 19. Be2 b5 20. Qb2 bxc4 21. Qd4 Kg8 22. Rac1 a5 23. f4 Nd7 24. Rxc4 Qb6 25. Qxb6 Nxb6 26. Rxc8 Rxc8 27. bxa5 Nxd5 28. Bf3 e6 29. Bxd5 exd5 30. Rd1 Rc5 31. a6 Ra5 32. a7 1/2-1/2

[Event "Banyoles op-A 5th"]
[Site "Banyoles"]
[Date "2002.08.09"]
[Round "7"]
[White "Sorroche Martin, Jose Maria"]
[Black "Aloma Vidal, Roberto"]
[Result "0-1"]
[WhiteElo "2239"]
[BlackElo "2175"]
[PlyCount "78"]
[EventDate "2002.08.02"]
[EventType "swiss"]
[EventRounds "9"]
[EventCountry "ESP"]
[SourceTitle "CBM 089 Extra"]
[Source "ChessBase"]
[SourceDate "2002.09.10"]
[SourceVersion "2"]
[SourceVersionDate "2002.09.10"]
[SourceQuality "1"]

1. c4 Nf6 2. Nc3 e6 3. d4 Bb4 4. e3 0-0 5. Nge2 d5 6. a3 Be7 7. Nf4 c6 8. c5 Nbd7 9. Nd3 e5 10. f4 exd4 11. exd4 Ne4 12. Nxe4 dxe4 13. Nf2 Nf6 14. Bc4 Nd5 15. 0-0 f5 16. Bxd5+ Qxd5 17. Be3 Be6 18. Qc2 Bf6 19. Rfd1 Rfd8 20. Rd2 Rd7 21. g4 g6 22. g5 Bg7 23. Qc3 Bf7 24. a4 b6 25. Qa3 Rad8 26. Rad1 Qb3 27. cxb6 axb6 28. d5 Qxa3 29. bxa3 c5 30. a5 bxa5 31. Bxc5 Rc8 32. Be3 Rc3 33. Bd4 Rxa3 34. Bxg7 Kxg7 35. Rd4 Rd6 36. Re1 Rxd5 37. Rxd5 Bxd5 38. Nd1 Ra1 39. Kf2 Bb3 0-1

[Event "Catalunya-chT"]
[Site "Spain"]
[Date "1999.??.??"]
[Round "1"]
[White "Bruned Segura, Mario"]
[Black "Sorroche Martin, Jose Maria"]
[Result "1/2-1/2"]
[WhiteElo "2255"]
[BlackElo "2270"]
[PlyCount "92"]
[EventDate "1999.??.??"]
[EventType "team"]
[EventRounds "9"]
[EventCountry "ESP"]
[SourceTitle "EXT 2000"]
[Source "ChessBase"]
[SourceDate "1999.11.16"]
[SourceVersion "1"]
[SourceVersionDate "1999.11.16"]
[SourceQuality "1"]

1. e4 c6 2. d4 g6 3. Nf3 Bg7 4. Bc4 d5 5. exd5 cxd5 6. Bb5+ Bd7 7. Qe2 Qb6 8. Nc3 Nf6 9. Bg5 0-0 10. 0-0-0 Rc8 11. Bxf6 Rxc3 12. Bxd7 Qxf6 13. Ba4 Rc7 14. c3 Nc6 15. Rhe1 Rac8 16. g3 Bh6+ 17. Kb1 Na5 18. Ne5 Bg7 19. f4 a6 20. Ng4 Qb6 21. Ka1 Nc4 22. Ne3 Qa5 23. Bb3 Nxe3 24. Qxe3 e6 25. h4 b5 26. h5 b4 27. hxg6 hxg6 28. cxb4 Qxb4 29. a3 Qb6 30. Re2 Bf8 31. Ba2 Rc2 32. Rxc2 Rxc2 33. Qb3 Qc7 34. Bb1 Rc4 35. Bd3 Rc1+ 36. Ka2 Rxd1 37. Qxd1 Qb6 38. Qa4 a5 39. g4 Kg7 40. f5 gxf5 41. gxf5 exf5 42. Bxf5 Kf6 43. Bc2 Bh6 44. Bb3 Be3 45. Qd7 Bxd4 46. Qxd5 Qa7 1/2-1/2

[Event "Canovelles op-A"]
[Site "Canovelles"]
[Date "1999.??.??"]
[Round "1"]
[White "Molero Tejada, Santiago"]
[Black "Sorroche Martin, Jose Maria"]
[Result "0-1"]
[WhiteElo "2050"]
[BlackElo "2270"]
[PlyCount "88"]
[EventDate "1999.??.??"]
[EventType "swiss"]
[EventRounds "9"]
[EventCountry "ESP"]
[SourceTitle "EXT 2000"]
[Source "ChessBase"]
[SourceDate "1999.11.16"]
[SourceVersion "1"]
[SourceVersionDate "1999.11.16"]
[SourceQuality "1"]

1. e4 c6 2. d4 g6 3. c4 Bg7 4. Nc3 d6 5. Nf3 Bg4 6. Be2 Qb6 7. Na4 Qa5+ 8. Bd2 Qc7 9. Be3 Nf6 10. Nc3 Nbd7 11. h3 Bxf3 12. Bxf3 c5 13. d5 Nb6 14. 0-0 0-0 15. Qd3 Nfd7 16. Bf4 Ne5 17. Bxe5 Bxe5 18. b3 Nd7 19. Rac1 Bf4 20. Rc2 Ne5 21. Qe2 Qd7 22. Bg4 f5 23. exf5 gxf5 24. Bh5 Kh8 25. g3 Rg8 26. Kh2 Bh6 27. f4 Ng6 28. Re1 Nxf4 29. gxf4 Bxf4+ 30. Kh1 Rg3 31. Bf7 Rxh3+ 32. Kg1 Be5 33. Qd2 f4 34. Be6 Rg3+ 35. Kf2 Qe8 36. Ne2 Qh5 37. Nxg3 fxg3+ 38. Kg1 Bd4+ 39. Re3 Bxe3+ 40. Qxe3 Qd1+ 41. Kg2 Qxc2+ 42. Kxg3 Qg6+ 43. Kf2 Rf8+ 44. Ke2 Qg2+ 0-1

[Event "Canovelles op-A"]
[Site "Canovelles"]
[Date "1999.??.??"]
[Round "9"]
[White "Ruiz Planas, Adelito"]
[Black "Sorroche Martin, Jose Maria"]
[Result "1-0"]
[WhiteElo "2120"]
[BlackElo "2270"]
[PlyCount "81"]
[EventDate "1999.??.??"]
[EventType "swiss"]
[EventRounds "9"]
[EventCountry "ESP"]
[SourceTitle "EXT 2000"]
[Source "ChessBase"]
[SourceDate "1999.11.16"]
[SourceVersion "1"]
[SourceVersionDate "1999.11.16"]
[SourceQuality "1"]

1. e4 c6 2. d4 d5 3. exd5 cxd5 4. Bf4 Nc6 5. c3 g6 6. Nf3 Bg7 7. Nbd2 f6 8. Bb5 Qb6 9. Qb3 a6 10. Bxc6+ Qxc6 11. 0-0 Nh6 12. Rfe1 g5 13. Qa3 Bf8 14. Bd6 Nf5 15. Bb4 a5 16. g4 b6 17. gxf5 axb4 18. Qxb4 Bxf5 19. a4 Bd7 20. a5 b5 21. Nb3 e5 22. Nc5 e4 23. Qb3 g4 24. Nd2 f5 25. Nxd7 Kxd7 26. a6 Bd6 27. a7 Bc7 28. Ra2 f4 29. Rea1 g3 30. Ra6 gxf2+ 31. Kf1 Bb6 32. Rxb6 Qxb6 33. Qxd5+ Kc7 34. Qf7+ Kc8 35. Qf5+ Kd8 36. Qd5+ Kc7 37. Nxe4 Qc6 38. Qe5+ Kb6 39. d5 Qc4+ 40. Kxf2 Rae8 41. Qf6+ 1-0

[Event "Catalunya-chT"]
[Site "Spain"]
[Date "1999.??.??"]
[Round "9"]
[White "Salgado Allaria, Carlos Fernando"]
[Black "Sorroche Martin, Jose Maria"]
[Result "1/2-1/2"]
[WhiteElo "2340"]
[BlackElo "2270"]
[PlyCount "90"]
[EventDate "1999.??.??"]
[EventType "team"]
[EventRounds "9"]
[EventCountry "ESP"]
[SourceTitle "EXT 2000"]
[Source "ChessBase"]
[SourceDate "1999.11.16"]
[SourceVersion "1"]
[SourceVersionDate "1999.11.16"]
[SourceQuality "1"]

1. d4 c6 2. c4 d5 3. e3 Nf6 4. Nf3 g6 5. Nc3 Bg7 6. Qb3 0-0 7. Bd2 dxc4 8. Bxc4 b5 9. Be2 Nbd7 10. a4 bxa4 11. Nxa4 c5 12. dxc5 Ne4 13. Qc2 Nxd2 14. Nxd2 Qc7 15. 0-0 Rb8 16. Rac1 Ne5 17. c6 Rb4 18. b3 Be6 19. h3 Rd8 20. f4 Nxc6 21. Bf3 Qd7 22. Rfd1 Na5 23. Nc4 Qc7 24. Rxd8+ Qxd8 25. Rd1 Qc7 26. Qd2 Rxa4 27. bxa4 Nxc4 28. Qd8+ Qxd8 29. Rxd8+ Bf8 30. e4 f5 31. exf5 gxf5 32. Ra8 a5 33. Be2 Nb6 34. Rxa5 Bg7 35. Kh2 Bd4 36. Bd3 Kg7 37. Bxf5 Bxf5 38. Rxf5 Nxa4 39. Rd5 Bf6 40. g4 Nc3 41. Rd3 Kf7 42. Kg3 Ne2+ 43. Kf3 Nd4+ 44. Ke4 Ne6 45. Rd5 Nf8 1/2-1/2

[Event "Catalunya-chT"]
[Site "Spain"]
[Date "1999.??.??"]
[Round "8"]
[White "Sorroche Martin, Jose Maria"]
[Black "Sanchez Devesa, Antoni"]
[Result "1/2-1/2"]
[WhiteElo "2270"]
[BlackElo "2210"]
[PlyCount "66"]
[EventDate "1999.??.??"]
[EventType "team"]
[EventRounds "9"]
[EventCountry "ESP"]
[SourceTitle "EXT 2000"]
[Source "ChessBase"]
[SourceDate "1999.11.16"]
[SourceVersion "1"]
[SourceVersionDate "1999.11.16"]
[SourceQuality "1"]

1. c4 Nf6 2. Nc3 c6 3. e4 d5 4. e5 d4 5. exf6 dxc3 6. fxg7 cxd2+ 7. Bxd2 Bxg7 8. Qc2 Bg4 9. Bd3 Qc7 10. f3 Be6 11. Ne2 Nd7 12. f4 Nc5 13. Bxh7 0-0-0 14. Bf5 Kb8 15. Rb1 Bxf5 16. Qxf5 Nd3+ 17. Kf1 e6 18. Qa5 b6 19. Qa3 Nf2 20. Kxf2 Rxd2 21. Rbd1 Qxf4+ 22. Qf3 Qd4+ 23. Qe3 Qxe3+ 24. Kxe3 Rxd1 25. Rxd1 Rxh2 26. Rd7 Rxg2 27. Rxf7 Bxb2 28. Nf4 Bc1+ 29. Kf3 Rxa2 30. Nd3 Ba3 31. Ne5 Bc5 32. Nxc6+ Kc8 33. Nxa7+ Kd8 1/2-1/2

[Event "Sant Boi op"]
[Site "Sant Boi de Llobregat"]
[Date "1998.??.??"]
[Round "3"]
[White "Llopis de Aysa, Manuel"]
[Black "Sorroche Martin, Jose Maria"]
[Result "1-0"]
[WhiteElo "2280"]
[BlackElo "2275"]
[PlyCount "71"]
[EventDate "1998.??.??"]
[EventType "swiss"]
[EventRounds "8"]
[EventCountry "ESP"]
[SourceTitle "EXT 2003"]
[Source "ChessBase"]
[SourceDate "2002.11.25"]
[SourceVersion "1"]
[SourceVersionDate "2002.11.25"]
[SourceQuality "1"]

1. d4 d5 2. c4 dxc4 3. Nf3 g6 4. e3 Bg7 5. Bxc4 Nf6 6. 0-0 0-0 7. Nc3 Nbd7 8. h3 c5 9. Qe2 Qc7 10. d5 a6 11. a4 Nb6 12. e4 Nh5 13. a5 Nd7 14. Be3 Nf4 15. Qd2 e5 16. d6 Qd8 17. Bxf4 exf4 18. Qxf4 Nf6 19. Rfd1 Be6 20. e5 Nd7 21. Nd5 Kh8 22. Nc7 Bxc4 23. Qxc4 Nxe5 24. Nxe5 Bxe5 25. Nxa8 Qxa8 26. Qxc5 Bxb2 27. Rab1 Bf6 28. d7 Kg7 29. Qd5 Qb8 30. Rxb7 Qf4 31. g3 Qa4 32. Rb6 Rd8 33. Rxa6 Bc3 34. Kg2 Qc2 35. Qd3 Qb2 36. Rb6 1-0

[Event "Sant Boi op"]
[Site "Sant Boi de Llobregat"]
[Date "1998.??.??"]
[Round "1"]
[White "Lorente Clemente, Josep Maria"]
[Black "Sorroche Martin, Jose Maria"]
[Result "0-1"]
[WhiteElo "2110"]
[BlackElo "2275"]
[PlyCount "80"]
[EventDate "1998.??.??"]
[EventType "swiss"]
[EventRounds "8"]
[EventCountry "ESP"]
[SourceTitle "EXT 2003"]
[Source "ChessBase"]
[SourceDate "2002.11.25"]
[SourceVersion "1"]
[SourceVersionDate "2002.11.25"]
[SourceQuality "1"]

1. d4 c6 2. Nf3 g6 3. c4 Bg7 4. Nc3 d6 5. e4 Bg4 6. Be2 Nd7 7. Be3 Nb6 8. Qb3 Bxf3 9. Bxf3 Qc7 10. 0-0 Bh6 11. Rad1 Bxe3 12. fxe3 Nf6 13. c5 dxc5 14. e5 c4 15. Qc2 Nfd5 16. Qf2 Nxc3 17. bxc3 0-0 18. Be2 f6 19. Qg3 fxe5 20. dxe5 Kg7 21. Rf4 Nd5 22. Rxc4 Qb6 23. Rdd4 Qb1+ 24. Rd1 Qc2 25. Bg4 Qxa2 26. Rcd4 Nxc3 27. Re1 Rad8 28. Rxd8 Rxd8 29. Qh4 Qa3 30. Rf1 Rf8 31. Rxf8 Kxf8 32. Qh6+ Ke8 33. h3 Nd5 34. Kf2 Qb2+ 35. Kf3 Qxe5 36. Ke2 Nf6 37. Qg7 Nxg4 38. Qg8+ Kd7 39. hxg4 Qd5 40. Qxh7 Qxg2+ 0-1